| 000 | 00915cam a22002531 4500 | ||
|---|---|---|---|
| 001 | sa 67007335 | ||
| 003 | DLC | ||
| 005 | 20260227112415.0 | ||
| 008 | 750827s1965 xx 001 0 eng | ||
| 010 | _asa 67007335 | ||
| 035 | _a(OCoLC)1576423 | ||
| 040 |
_aDLC _cICarbS _dDLC |
||
| 042 | _apremarc | ||
| 050 | 0 | 0 |
_aLA1151 _b.C5223 |
| 082 | _a370/.954 | ||
| 100 | 1 |
_aChaube, Sarayu Prasad, _d1919- |
|
| 245 | 1 | 2 |
_aA history of education in India; _ba critical survey of the growth and problems of Indian education during the ancient, medieval and modern times, _cby S. P. Chaube. |
| 250 | _a[1st ed.] | ||
| 260 |
_aAllahabad, _bRam Narain Lal Beni Madho _c[1965] |
||
| 300 |
_a 23, 874 p. _billus. _c23 cm. |
||
| 500 | _a"This work is an English version of the author's Hindi book ... entitled Bharatiya shiksha ka itihas." | ||
| 504 | _aBibliography: p. [853]-860. | ||
| 650 | 0 |
_aEducation _zIndia _xHistory. |
|
| 999 |
_c76511 _d76511 |
||